000 01713nam a2200337 a 4500
001 BRCA_3316
005 20190320204223.0
008 230309s1877----enka---###---#000-0#eng-#
041 _aeng
044 _aenk
084 _a610
_b.R68
_c1877
100 1 _aCervantes Saavedra, Miguel de
_d1547-1616
_9213
245 1 0 _aDon Quixote de la Mancha
_cTranslated from the Spanish of Miguel de Cervantes Saavedra.
260 _aLondres
_bGeorge Routledge and Sons
_c1877
300 _a1 v. en 2 partes (viii, 507 p.)
_bil.
_c25 cm.
500 _aContenido : Primera parte. Prefacio del editor. Noticia biográfica sobre Cervantes basada en la escrita por Pellicer. Prólogo del autor. Segunda parte. Dedicatoria y prólogo del autor
500 _aEdición : With 50 Page Plates by John Gilbert, Tony Johannot and Others
500 _aUna de muchas reproducciones de la traducción de Jarvis. Va precedida de una breve biografía de Cervantes, basada en la escrita por J. A. Pellicer, e ilustrada con láminas sobre dibujos de J. Gilbert, T. Johannot y otros. Tela; lomo y planos decorados con adornos en dorado y negro Lúdovik Osterc
500 _aEstado físico : Primeras páginas desprendidas
500 _aQM960
546 _aTexto en : inglés
650 1 4 _aNovela española
_yÉpoca clásica, 1500-1700
_9215
650 1 4 _aLiteratura española
_yÉpoca clásica, 1500-1700
_9216
650 1 4 _aNovela española
_ySiglo XVII
_9217
650 1 4 _aDon Quijote (Personaje ficticio)
_eNovela
_9218
700 1 _aGilbert, John
_d1817-1897
_eTraductor
_98769
700 1 _aJohannot, Tony
_d1803-1852
_eIlustrador
_98770
740 0 _aEl Ingenioso Hidalgo Don Quijote de la Mancha
902 _aQFM
942 _2lcc
_cB
999 _c3052
_d3052